000 02472 a2200253 4500
020 _a0824753852
040 _aDLC
_bDLC
082 0 0 _a621.381045
100 1 _aParker, Michael A.
245 1 0 _aPhysics of optoelectronics
_hElektronisk resurs
_cMichael A. Parker
246 3 0 _aOptoelectronics
260 _aBoca Raton, FL :
_bTaylor & Francis,
_c2005.
300 _axvi, 742 p. :
_bill. ;
_c26 cm.
520 _aPhysics of Optoelectronics focuses on the properties of optical fields and their interaction with matter. Understanding that lasers, LEDs, and photodetectors clearly exemplify this interaction, the author begins with an introduction to lasers, LEDs, and the rate equations, then describes the emission and detection processes. The book summarizes and reviews the mathematical background of the quantum theory embodied in the Hilbert space. These concepts highlight the abstract form of the linear algebra for vectors and operators, supplying the "pictures" that make the subject more intuitive. A chapter on dynamics includes a brief review of the formalism for discrete sets of particles and continuous media. It also covers the quantum theory necessary for the study of optical fields, transitions, and semiconductor gain. This volume supplements the description of lasers and LEDs by examining the fundamental nature of the light that these devices produce. It includes an analysis of quantized electromagnetic fields and illustrates inherent quantum noise in terms of Poisson and sub-Poisson statistics. It explains matter-light interaction in terms of time-dependent perturbation theory and Fermi's golden rule, and concludes with a detailed discussion of semiconductor emitters and detectors.
650 0 _aOptoelectronics
_xMaterials.
650 0 _aOptoelektronik
856 4 0 _uhttp://ezproxy.bib.hh.se:2048/login?url=http://www.engnetbase.com/ejournals/books/book_km.asp?id=5418
856 4 0 _uhttp://www.engnetbase.com/ejournals/books/book_km.asp?id=5418
856 4 0 _uhttps://lt.ltag.bibl.liu.se/login?url=http://www.engnetbase.com/ejournals/books/book_km.asp?id=5418
856 4 0 _uhttp://focus.lib.kth.se/login?url=http://www.engnetbase.com/ejournals/books/book_km.asp?id=5418
856 4 0 _uhttp://ezproxy.its.uu.se/login?url=http://www.engnetbase.com/ejournals/books/book_km.asp?id=5418
856 4 0 _uhttp://proxy.lib.chalmers.se/login?url=http://www.engnetbase.com/ejournals/books/book_km.asp?id=5418
942 _cBK
_k621.381045 PAR
_2ddc
999 _c8024
_d8024